000 00563nam a2200157Ia 4500
008 210716s2008 xx 000 0 und d
020 _a9788120335820
041 _aeng
082 _a658.4012 FOGC
100 _aFogg, C Davis.
245 _aTeam-based strategic planning: a complete guide to structuring, facilitating, and implementing the process.
_bComplete guide to structuring, facilitating, and implementing the process.
250 _a1
260 _aNew Delhi
_bPHI Learning private limited.
_c2008
300 _axii,337
650 _aStrategic Management
999 _c208202
_d208202